| 000 | 01212nam0a22003011 4500 | ||
|---|---|---|---|
| 001 | rc\3987652 | ||
| 005 | 20231025160351.0 | ||
| 021 |
_aRU _b[56-14525] |
||
| 035 | _a(NLR Aleph) 008065250 | ||
| 090 |
_a9028396 _c9028396 |
||
| 100 | _a20130415d1956 |||y0rusy50 ca | ||
| 101 | 0 | _arus | |
| 102 | _aRU | ||
| 105 | _aa z ||||| | ||
| 200 | 1 |
_aНовый способ вязки ткацкого узла узловязателем системы Башкирова _e[Киржачский шелковый комбинат _fВсесоюз. пром. выставка 1956 г. Отд. пропаганды. М-во текстильной пром-сти СССР |
|
| 210 |
_aМосква] _cГизлегпром _d1956 |
||
| 215 |
_a10 с. _cил. _d22 |
||
| 300 | _aСост. указаны в конце текста | ||
| 606 |
_aШелкокрутильное производство _2psbo |
||
| 700 | 1 |
_aУглова _bК. Е. _4220 |
|
| 701 | 1 |
_aЮрасова _bН. А. _4220 |
|
| 712 | 1 | 2 | _aВсесоюзная пром. выставка (1956; Москва) |
| 801 | 0 |
_aRU _bNLR _gpsbo |
|
| 801 | 1 |
_aRU _bELAR _2rusmarc |
|
| 852 |
_aNLR _jТ56 Г-6/274 |
||
| 942 | _cBOOK | ||
| 980 | _aNB | ||